[Event "Chess24 Banter Blitz Cup"]
[Site "chess24.com INT"]
[Date "2020.03.03"]
[Round "3.8"]
[White "Firouzja, Alireza"]
[Black "Fressinet, Laurent"]
[Result "1-0"]
[WhiteTitle "GM"]
[BlackTitle "GM"]
[WhiteElo "2702"]
[BlackElo "2633"]
[WhiteFideId "12573981"]
[BlackFideId "608742"]
[EventDate "2019.09.25"]
[EventType "blitz"]

1. Nc3 Nf6 2. Nf3 Nc6 3. d4 d5 4. Bf4 Bf5 5. e3 a6 6. Be2 e6 7. Nh4 Be4 8. Nxe4
dxe4 9. Bg5 Be7 10. g3 Nd5 11. Bxe7 Qxe7 12. O-O g5 13. Ng2 h5 14. c4 Nf6 15. h4
gxh4 16. Nxh4 O-O-O 17. Kg2 Rhg8 18. b4 Ng4 19. Rh1 Nce5 20. b5 Qf6 21. Qe1 Nd3
22. Bxd3 exd3 23. bxa6 b6 24. c5 e5 25. cxb6 Qxb6 26. Nf3 Qc6 27. Rc1 Qe4 28.
Qa5 Rd7 29. a7 Kb7 30. Rxc7+ Rxc7 31. Rb1+ Ka8 32. Qxc7 1-0

[Event "Chess24 Banter Blitz Cup"]
[Site "chess24.com INT"]
[Date "2020.03.03"]
[Round "3.9"]
[White "Fressinet, Laurent"]
[Black "Firouzja, Alireza"]
[Result "0-1"]
[WhiteTitle "GM"]
[BlackTitle "GM"]
[WhiteElo "2633"]
[BlackElo "2702"]
[WhiteFideId "608742"]
[BlackFideId "12573981"]
[EventDate "2019.09.25"]
[EventType "blitz"]

1. d4 Nf6 2. Nf3 d5 3. c4 e6 4. Nc3 Be7 5. Bg5 O-O 6. e3 h6 7. Bh4 Ne4 8. Bxe7
Qxe7 9. Rc1 Nxc3 10. Rxc3 c6 11. Be2 Nd7 12. O-O dxc4 13. Rxc4 e5 14. dxe5 Nxe5
15. Rd4 Nxf3+ 16. Bxf3 Be6 17. Qa4 Rfd8 18. Rxd8+ Qxd8 19. Rd1 Qb6 20. b3 a5 21.
Qf4 a4 22. bxa4 Bxa2 23. h4 Be6 24. h5 Rd8 25. Rxd8+ Qxd8 26. Qb4 Bd5 27. e4 Be6
28. Qxb7 c5 29. e5 c4 30. Qc6 Qd2 31. Qe8+ Kh7 32. Be4+ g6 33. hxg6+ Kg7 34.
gxf7 Qc1+ 35. Kh2 Qf4+ 36. Kg1 Bxf7 37. Qc6 Qc1+ 38. Kh2 Qf4+ 39. Kg1 Qxe5 40.
Qb7 c3 41. Qc6 Qd4 42. g3 h5 43. a5 h4 44. gxh4 Qd1+ 45. Kg2 Qg4+ 46. Kh2 Qxh4+
47. Kg2 Qg4+ 48. Kh2 Qh5+ 49. Kg2 Qg5+ 50. Kh2 Qe5+ 51. Kg2 Qxa5 52. Qd6 Kg8 53.
Qg3+ Kf8 54. Qd6+ Kg7 55. Qg3+ Kf6 56. Qf4+ Ke7 57. Qe3 Be6 58. Bf3 Qf5 59. Qd4
Qh3+ 60. Kg1 Qxf3 0-1

[Event "Chess24 Banter Blitz Cup"]
[Site "chess24.com INT"]
[Date "2020.03.03"]
[Round "3.10"]
[White "Firouzja, Alireza"]
[Black "Fressinet, Laurent"]
[Result "1-0"]
[WhiteTitle "GM"]
[BlackTitle "GM"]
[WhiteElo "2702"]
[BlackElo "2633"]
[WhiteFideId "12573981"]
[BlackFideId "608742"]
[EventDate "2019.09.25"]
[EventType "blitz"]

1. Nc3 Nf6 2. Nf3 Nc6 3. e4 e5 4. Bb5 Nd4 5. Be2 Nxf3+ 6. Bxf3 Bc5 7. d3 d6 8.
Na4 Bb6 9. Nxb6 axb6 10. O-O h6 11. Be2 g5 12. c3 Qe7 13. b4 Bd7 14. a4 O-O 15.
Be3 Nh7 16. d4 Bc6 17. f3 Rfe8 18. a5 b5 19. c4 bxc4 20. Bxc4 Nf6 21. dxe5 dxe5
22. Bc5 Qd8 23. Qb3 Re7 24. Rfd1 Bd7 25. b5 b6 26. Bxe7 Qxe7 27. a6 Kf8 28. Bd5
Ra7 29. Rac1 g4 30. fxg4 Nxg4 31. h3 Nf6 32. Rf1 Be8 33. Bc6 Kg7 34. Bxe8 Nxe8
35. Rf5 f6 36. Rc3 Kh7 37. Rg3 Ng7 38. Rf1 Ra8 39. Rd1 Nh5 40. Rgd3 Qc5+ 41. Kh2
Rg8 42. Rd7+ Ng7 43. Qxg8+ Kxg8 44. a7 1-0

[Event "Chess24 Banter Blitz Cup"]
[Site "chess24.com INT"]
[Date "2020.03.03"]
[Round "3.11"]
[White "Fressinet, Laurent"]
[Black "Firouzja, Alireza"]
[Result "0-1"]
[WhiteTitle "GM"]
[BlackTitle "GM"]
[WhiteElo "2633"]
[BlackElo "2702"]
[WhiteFideId "608742"]
[BlackFideId "12573981"]
[EventDate "2019.09.25"]
[EventType "blitz"]

1. d4 Nf6 2. Nf3 e6 3. c4 d5 4. Nc3 Be7 5. Bf4 O-O 6. e3 c5 7. dxc5 dxc4 8. Bxc4
Bxc5 9. O-O Nc6 10. Qe2 Qe7 11. Rfd1 h6 12. Bg3 Nh5 13. Ne4 Nxg3 14. hxg3 Bb6
15. a3 Kh8 16. Rd2 e5 17. Bd5 Bg4 18. Qb5 Bxf3 19. gxf3 f5 20. Nc3 f4 21. Re2
fxe3 22. fxe3 Qg5 23. Kg2 Ne7 24. Ne4 Qg6 25. Bb3 Nf5 26. Rae1 Nh4+ 27. Kh3 Nxf3
28. Bc2 Qh5+ 29. Kg2 Qh2+ 0-1

[Event "Chess24 Banter Blitz Cup"]
[Site "chess24.com INT"]
[Date "2020.03.07"]
[Round "4.1"]
[White "Robson, Ray"]
[Black "Anton Guijarro, David"]
[Result "1-0"]
[WhiteTitle "GM"]
[BlackTitle "GM"]
[WhiteElo "2670"]
[BlackElo "2674"]
[WhiteFideId "2023970"]
[BlackFideId "2285525"]
[EventDate "2019.09.25"]
[EventType "blitz"]

1. e4 g6 2. d4 Bg7 3. Nc3 c6 4. f4 d5 5. e5 Nh6 6. Nf3 O-O 7. Be3 f6 8. h3 Nf5
9. Bf2 fxe5 10. fxe5 Bh6 11. Bd3 Ne3 12. Bxe3 Bxe3 13. Qe2 Bh6 14. O-O e6 15.
Nd1 Qe7 16. Ne3 Bg7 17. Ng4 c5 18. c3 Nc6 19. Qe3 cxd4 20. cxd4 Nb4 21. Bb1 Bd7
22. a3 Nc6 23. Bd3 Rac8 24. h4 Be8 25. Ng5 Bd7 26. h5 gxh5 27. Nf6+ Bxf6 28.
exf6 Rxf6 29. Nxh7 Rxf1+ 30. Rxf1 Qg7 31. Nf6+ Kh8 32. Qh3 Qg5 33. Nxd7 Nxd4 34.
Nf6 h4 35. Ng4 Rg8 36. Ne5 Qxe5 37. Qxh4+ Kg7 38. Qh7# 1-0

[Event "Chess24 Banter Blitz Cup"]
[Site "chess24.com INT"]
[Date "2020.03.07"]
[Round "4.2"]
[White "Anton Guijarro, David"]
[Black "Robson, Ray"]
[Result "0-1"]
[WhiteTitle "GM"]
[BlackTitle "GM"]
[WhiteElo "2674"]
[BlackElo "2670"]
[WhiteFideId "2285525"]
[BlackFideId "2023970"]
[EventDate "2019.09.25"]
[EventType "blitz"]

1. e4 e5 2. Nf3 Nc6 3. Bb5 a6 4. Ba4 Nf6 5. O-O Nxe4 6. d4 b5 7. Bb3 d5 8. Nxe5
Nxe5 9. dxe5 c6 10. Nd2 Nc5 11. c3 Nd3 12. Bc2 Nxc1 13. Rxc1 Be7 14. f4 O-O 15.
Qh5 g6 16. Qh6 f5 17. Nf3 Rf7 18. Qh3 c5 19. Rcd1 Be6 20. Qg3 Qf8 21. h3 Rd8 22.
Kh2 Kh8 23. Ng5 Bxg5 24. Qxg5 Qe7 25. Qg3 a5 26. Rd2 b4 27. Bd1 Qf8 28. Qf2 Rfd7
29. Bb3 Qe7 30. Rfd1 Kg7 31. Qf3 d4 32. cxd4 Bxb3 33. axb3 Rxd4 34. Rxd4 cxd4
35. Qd3 Qb7 36. Rc1 Rd7 37. e6 Rd6 38. Qe2 Qe7 39. Qe5+ Kh6 40. Re1 d3 41. Qe3
d2 42. Rd1 Qxe6 43. Qxe6 Rxe6 44. Rxd2 Re3 45. Rd5 Rxb3 46. Rxa5 Rxb2 47. Rb5 b3
48. Rb7 g5 49. Rb6+ Kh5 50. Rb5 gxf4 51. Rxf5+ Kg6 52. Rxf4 Rc2 53. Rb4 b2 54.
Rg4+ Kf5 55. Rb4 Ke5 56. h4 Kd5 57. Rb8 Kc5 58. Rc8+ Kd4 59. Rb8 Kd3 60. Kh3 Kd2
61. g4 Kc1 62. g5 Rc3+ 63. Kg4 Rc4+ 64. Kh5 b1=Q 65. Rxb1+ Kxb1 66. Kh6 Rc5 67.
h5 Rc6+ 68. g6 Rc7 69. g7 Rc6+ 0-1

[Event "Chess24 Banter Blitz Cup"]
[Site "chess24.com INT"]
[Date "2020.03.07"]
[Round "4.3"]
[White "Robson, Ray"]
[Black "Anton Guijarro, David"]
[Result "1-0"]
[WhiteTitle "GM"]
[BlackTitle "GM"]
[WhiteElo "2670"]
[BlackElo "2674"]
[WhiteFideId "2023970"]
[BlackFideId "2285525"]
[EventDate "2019.09.25"]
[EventType "blitz"]

1. e4 g6 2. d4 Bg7 3. Nc3 c6 4. f4 d5 5. e5 Nh6 6. Nf3 O-O 7. Be3 f6 8. h3 Nf5
9. Bf2 fxe5 10. fxe5 Bh6 11. Bd3 Ne3 12. Bxe3 Bxe3 13. Qe2 Bf4 14. O-O e6 15.
Nd1 c5 16. c3 cxd4 17. cxd4 Nc6 18. Ne3 Qb6 19. Ng4 Nxd4 20. Nxd4 Qxd4+ 21. Kh1
Bd7 22. Rad1 Qb4 23. Nf6+ Rxf6 24. exf6 Rf8 25. Qg4 Bd6 26. Qg5 Be8 27. Qh6 Rf7
28. Bxg6 hxg6 29. Qxg6+ Kh8 30. Rde1 Qh4 31. Rxe6 Re7 32. f7 Bxf7 33. Qf6+ Qxf6
34. Rexf6 Be6 35. Rh6+ Kg7 36. Rff6 Bc7 37. Rxe6 Rf7 38. Rhg6+ Kf8 39. Rgf6 1-0

[Event "Chess24 Banter Blitz Cup"]
[Site "chess24.com INT"]
[Date "2020.03.07"]
[Round "4.4"]
[White "Anton Guijarro, David"]
[Black "Robson, Ray"]
[Result "1-0"]
[WhiteTitle "GM"]
[BlackTitle "GM"]
[WhiteElo "2674"]
[BlackElo "2670"]
[WhiteFideId "2285525"]
[BlackFideId "2023970"]
[EventDate "2019.09.25"]
[EventType "blitz"]

1. Nf3 d5 2. b3 Bf5 3. Bb2 e6 4. g3 h6 5. Bg2 Nf6 6. d3 Be7 7. O-O O-O 8. Nbd2
c5 9. Re1 Nc6 10. e4 Bh7 11. exd5 exd5 12. Ne5 Bd6 13. Nxc6 bxc6 14. Qf3 Bg6 15.
Bxf6 Qxf6 16. Qxf6 gxf6 17. Bh3 Be5 18. Rad1 Bc3 19. Bd7 Bh5 20. f3 Rfd8 21.
Bxc6 Rac8 22. Bb5 Rb8 23. Ba4 Kf8 24. Kg2 Rb6 25. Re2 Re6 26. Rxe6 fxe6 27. Nb1
Ba5 28. Nd2 Bc3 29. Nf1 Bg6 30. Ne3 h5 31. f4 Kg7 32. Kf3 e5 33. Bc6 e4+ 34.
dxe4 Bxe4+ 35. Ke2 Bd4 36. Bxd5 Bxe3 37. Bxe4 Rxd1 38. Kxd1 Bg1 39. Ke2 Bxh2 40.
Kf2 h4 41. gxh4 Bxf4 42. Kf3 Bc1 43. Kg4 Bd2 44. Kf5 Be1 45. h5 Bd2 46. Bf3 a5
47. Ke6 Bb4 48. Kd5 Ba3 49. Kc4 Bb4 50. c3 Ba3 51. Kb5 Bb2 52. Kxa5 Bxc3+ 53.
Kb5 Bb4 54. a4 f5 55. a5 Bxa5 56. Kxa5 1-0

[Event "Chess24 Banter Blitz Cup"]
[Site "chess24.com INT"]
[Date "2020.03.07"]
[Round "4.5"]
[White "Robson, Ray"]
[Black "Anton Guijarro, David"]
[Result "1-0"]
[WhiteTitle "GM"]
[BlackTitle "GM"]
[WhiteElo "2670"]
[BlackElo "2674"]
[WhiteFideId "2023970"]
[BlackFideId "2285525"]
[EventDate "2019.09.25"]
[EventType "blitz"]

1. e4 e5 2. Nf3 Nc6 3. Bb5 a6 4. Ba4 d6 5. c3 f5 6. exf5 Bxf5 7. O-O Bd3 8. Re1
Be7 9. Bc2 Bxc2 10. Qxc2 Nf6 11. d4 e4 12. Ng5 d5 13. f3 h6 14. Ne6 Qd7 15. Nf4
O-O 16. fxe4 Nxe4 17. Nxd5 Qxd5 18. Qxe4 Qh5 19. Qe2 Qh4 20. g3 Qh3 21. Qe6+
Qxe6 22. Rxe6 Bd6 23. Nd2 Rae8 24. Rxe8 Rxe8 25. Kf2 Ne7 26. Nc4 Nd5 27. Bd2
Rf8+ 28. Kg2 b5 29. Ne3 Nb6 30. Re1 Rd8 31. b3 c5 32. Nf5 cxd4 33. cxd4 Kf7 34.
Ba5 Bc7 35. Re7+ Kf6 36. Rxc7 1-0

[Event "Chess24 Banter Blitz Cup"]
[Site "chess24.com INT"]
[Date "2020.03.07"]
[Round "4.6"]
[White "Anton Guijarro, David"]
[Black "Robson, Ray"]
[Result "0-1"]
[WhiteTitle "GM"]
[BlackTitle "GM"]
[WhiteElo "2674"]
[BlackElo "2670"]
[WhiteFideId "2285525"]
[BlackFideId "2023970"]
[EventDate "2019.09.25"]
[EventType "blitz"]

1. Nf3 d5 2. b3 Bf5 3. Bb2 e6 4. g3 Nf6 5. Bg2 h6 6. O-O Be7 7. d3 O-O 8. Nbd2
c6 9. Re1 Bh7 10. e4 a5 11. a4 Na6 12. e5 Nd7 13. Nd4 Nc7 14. h4 Bc5 15. N2f3
Qe7 16. Bh3 Kh8 17. Qe2 Bb4 18. Rf1 Rae8 19. Kh2 f6 20. exf6 Qxf6 21. Rab1 e5
22. Bxd7 exd4 23. Bxe8 Rxe8 24. Qd1 Ne6 25. Ng1 Bd6 26. f4 Nxf4 27. gxf4 Bxf4+
28. Kg2 Qxh4 29. Rxf4 Qxf4 30. Qf3 Qd2+ 31. Qf2 Qg5+ 32. Qg3 Qd2+ 33. Kh1 c5 34.
Rf1 Qxc2 35. Bc1 Bxd3 36. Rf7 Be4+ 0-1

[Event "Chess24 Banter Blitz Cup"]
[Site "chess24.com INT"]
[Date "2020.03.07"]
[Round "4.7"]
[White "Robson, Ray"]
[Black "Anton Guijarro, David"]
[Result "0-1"]
[WhiteTitle "GM"]
[BlackTitle "GM"]
[WhiteElo "2670"]
[BlackElo "2674"]
[WhiteFideId "2023970"]
[BlackFideId "2285525"]
[EventDate "2019.09.25"]
[EventType "blitz"]

1. e4 c5 2. Nf3 Nc6 3. d4 cxd4 4. Nxd4 e5 5. Nb5 d6 6. N1c3 a6 7. Na3 Be6 8. Nc4
Rb8 9. Ne3 Nf6 10. g3 h5 11. Bg2 h4 12. Ncd5 h3 13. Bf1 Nxe4 14. c3 Be7 15. Bd3
Nf6 16. Qf3 Nxd5 17. Nxd5 g6 18. g4 Bg5 19. Bxg5 Qxg5 20. Nf6+ Ke7 21. Ne4 Qf4
22. Qxf4 exf4 23. f3 Ne5 24. Be2 f5 25. gxf5 gxf5 26. Nd2 Rbg8 27. Bf1 Bd5 28.
Kf2 Ng4+ 29. fxg4 Bxh1 30. gxf5 Bc6 31. Re1+ Kf6 32. Re6+ Kxf5 33. Rxd6 Rd8 34.
Bxh3+ Kg5 35. Rxd8 Rxd8 36. Nb3 Rh8 0-1

[Event "Chess24 Banter Blitz Cup"]
[Site "chess24.com INT"]
[Date "2020.03.07"]
[Round "4.8"]
[White "Anton Guijarro, David"]
[Black "Robson, Ray"]
[Result "1-0"]
[WhiteTitle "GM"]
[BlackTitle "GM"]
[WhiteElo "2674"]
[BlackElo "2670"]
[WhiteFideId "2285525"]
[BlackFideId "2023970"]
[EventDate "2019.09.25"]
[EventType "blitz"]

1. c4 c6 2. Nf3 d5 3. e3 Nf6 4. Nc3 e6 5. b3 Bd6 6. Bb2 O-O 7. d4 Nbd7 8. Bd3 b6
9. O-O Bb7 10. Qc2 Qe7 11. Rfe1 h6 12. e4 dxe4 13. Nxe4 Nxe4 14. Bxe4 Nf6 15.
Bd3 Ba3 16. Bxa3 Qxa3 17. c5 Rad8 18. Be4 Nxe4 19. Rxe4 Rd5 20. Rc1 Rfd8 21. h3
Ba6 22. Ne5 bxc5 23. dxc5 Bd3 24. Nxd3 Rxd3 25. Ra4 Qxc1+ 26. Qxc1 Rd1+ 27. Qxd1
Rxd1+ 28. Kh2 Rc1 29. b4 Rc2 30. f3 Rb2 31. a3 Kh7 32. Rxa7 Kg6 33. Rc7 Rb3 34.
Rxc6 Rxa3 35. b5 Rb3 36. b6 Kf5 37. Rc7 1-0

[Event "Chess24 Banter Blitz Cup"]
[Site "chess24.com INT"]
[Date "2020.03.07"]
[Round "4.9"]
[White "Robson, Ray"]
[Black "Anton Guijarro, David"]
[Result "1-0"]
[WhiteTitle "GM"]
[BlackTitle "GM"]
[WhiteElo "2670"]
[BlackElo "2674"]
[WhiteFideId "2023970"]
[BlackFideId "2285525"]
[EventDate "2019.09.25"]
[EventType "blitz"]

1. e4 c5 2. Nf3 Nc6 3. Nc3 g6 4. d4 cxd4 5. Nxd4 Bg7 6. Be3 Nf6 7. Bc4 Qa5 8.
O-O O-O 9. Bb3 d6 10. h3 Bd7 11. Re1 Rfe8 12. Nf3 Qc7 13. Qd2 Na5 14. Rad1 Nc4
15. Bxc4 Qxc4 16. Bh6 Bc6 17. Bxg7 Kxg7 18. e5 dxe5 19. Nxe5 Qa6 20. Qf4 Qb6 21.
Nc4 Qa6 22. Ne5 Qb6 23. Nc4 Qa6 24. b3 Rac8 25. a4 Bd7 26. Rxe7 Rxe7 27. Rd6
Qxd6 28. Qxd6 Re1+ 29. Kh2 Be6 30. Qd2 Rf1 31. Ne3 Ra1 32. Qd4 Rc6 33. Ne4 1-0

[Event "Chess24 Banter Blitz Cup"]
[Site "chess24.com INT"]
[Date "2020.03.07"]
[Round "4.10"]
[White "Anton Guijarro, David"]
[Black "Robson, Ray"]
[Result "1/2-1/2"]
[WhiteTitle "GM"]
[BlackTitle "GM"]
[WhiteElo "2674"]
[BlackElo "2670"]
[WhiteFideId "2285525"]
[BlackFideId "2023970"]
[EventDate "2019.09.25"]
[EventType "blitz"]

1. c4 c6 2. Nf3 d5 3. e3 Nf6 4. Nc3 e6 5. b3 Bd6 6. Bb2 O-O 7. d4 Nbd7 8. Bd3 e5
9. cxd5 cxd5 10. dxe5 Nxe5 11. h3 Nxf3+ 12. Qxf3 Be5 13. O-O Be6 14. Rfd1 Qe7
15. Qe2 Rfd8 16. Nb5 Bxb2 17. Qxb2 a6 18. Nd4 Rac8 19. Rac1 Bd7 20. Ne2 h6 21.
a3 Bc6 22. b4 Qd6 23. Rc5 Nd7 24. Rc3 Ne5 25. Nd4 Bd7 26. Rdc1 Rxc3 27. Qxc3 g6
28. Qd2 Rc8 29. Rxc8+ Bxc8 30. Qc3 Bd7 31. Be2 Nc6 32. Nxc6 Bxc6 33. Qd4 h5 34.
h4 Kf8 35. Bf3 Ke7 36. g3 Qf6 37. Qxf6+ Kxf6 38. Kf1 Ke5 39. Ke2 Bb5+ 40. Kd2 b6
41. Kc3 a5 42. Bg2 Bc6 43. Kd3 Bb5+ 44. Kd2 Bc6 45. f3 axb4 46. axb4 d4 47. e4
Bb5 48. f4+ Ke6 49. Bf3 Kd6 50. Bd1 Bc4 51. Ba4 b5 52. Bd1 Ke6 53. Be2 Kd6 54.
Bd3 Ke6 55. Be2 Kd6 56. Bf3 Ke6 57. Be2 1/2-1/2

[Event "Chess24 Banter Blitz Cup"]
[Site "chess24.com INT"]
[Date "2020.03.07"]
[Round "4.11"]
[White "Robson, Ray"]
[Black "Anton Guijarro, David"]
[Result "0-1"]
[WhiteTitle "GM"]
[BlackTitle "GM"]
[WhiteElo "2670"]
[BlackElo "2674"]
[WhiteFideId "2023970"]
[BlackFideId "2285525"]
[EventDate "2019.09.25"]
[EventType "blitz"]

1. e4 c5 2. Nf3 Nc6 3. Nc3 g6 4. d4 cxd4 5. Nxd4 Bg7 6. Be3 Nf6 7. Bc4 Qa5 8.
O-O O-O 9. Bb3 d6 10. h3 Bd7 11. Re1 Rfe8 12. Nf3 Rac8 13. Qd2 Be6 14. Rad1 Nd7
15. Nd4 Nxd4 16. Bxd4 Bxd4 17. Qxd4 Qc5 18. Qd2 b5 19. Re3 a5 20. a3 Bxb3 21.
cxb3 Nf6 22. e5 dxe5 23. Qe2 e4 24. Nxe4 Nxe4 25. Rxe4 Qc2 26. Qxc2 Rxc2 27. Rd5
Rxb2 28. Rxb5 Rd8 29. Rxe7 Rd1+ 30. Kh2 Rxf2 31. Rxa5 Rdd2 32. Rg5 Ra2 33. a4 h5
34. h4 Kg7 35. a5 Rf4 36. Kg3 Rb4 37. Re3 f6 38. Rc5 Rg4+ 39. Kf3 Raxg2 40. a6
Ra2 41. Rc7+ Kh6 42. a7 Rxh4 43. Kg3 Rb4 44. Kf3 Kg5 45. Re4 Rxb3+ 46. Re3 Rxe3+
47. Kxe3 h4 48. Kd4 h3 49. Kc4 h2 50. Rh7 Rxa7 51. Rxh2 f5 0-1

[Event "Chess24 Banter Blitz Cup"]
[Site "chess24.com INT"]
[Date "2020.03.07"]
[Round "4.12"]
[White "Anton Guijarro, David"]
[Black "Robson, Ray"]
[Result "0-1"]
[WhiteTitle "GM"]
[BlackTitle "GM"]
[WhiteElo "2674"]
[BlackElo "2670"]
[WhiteFideId "2285525"]
[BlackFideId "2023970"]
[EventDate "2019.09.25"]
[EventType "blitz"]

1. c4 c6 2. Nf3 d5 3. e3 Nf6 4. Nc3 e6 5. b3 Bd6 6. Bb2 O-O 7. d4 Nbd7 8. Bd3 b6
9. O-O Bb7 10. Qe2 Qe7 11. e4 dxe4 12. Nxe4 Nxe4 13. Qxe4 Nf6 14. Qh4 Ba3 15.
Bxa3 Qxa3 16. Ne5 Rfd8 17. Ng4 Nxg4 18. Bxh7+ Kh8 19. Bg6+ Nh6 20. Bxf7 Qd6 21.
Rad1 c5 22. Rfe1 Qc7 23. Bxe6 cxd4 24. Rxd4 Rxd4 25. Qxd4 Re8 26. Re3 Rd8 27.
Qa1 Qd6 28. f3 Qc5 29. Qe1 Rd1 0-1

[Event "Chess24 Banter Blitz Cup"]
[Site "chess24.com INT"]
[Date "2020.03.07"]
[Round "4.13"]
[White "Robson, Ray"]
[Black "Anton Guijarro, David"]
[Result "1/2-1/2"]
[WhiteTitle "GM"]
[BlackTitle "GM"]
[WhiteElo "2670"]
[BlackElo "2674"]
[WhiteFideId "2023970"]
[BlackFideId "2285525"]
[EventDate "2019.09.25"]
[EventType "blitz"]

1. e4 c5 2. Nf3 Nc6 3. Nc3 g6 4. d4 cxd4 5. Nxd4 Bg7 6. Be3 Nf6 7. Bc4 Qa5 8.
O-O O-O 9. Bb3 d6 10. h3 Bd7 11. Re1 Rfe8 12. Nf3 Rac8 13. Qd2 Be6 14. Rad1 Nd7
15. Nd4 Nxd4 16. Bxd4 Bxd4 17. Qxd4 Qc5 18. Ba4 Qxd4 19. Rxd4 Red8 20. Bxd7 Rxd7
21. e5 dxe5 22. Rxd7 Bxd7 23. Rxe5 Kf8 24. f3 Bc6 25. Kf2 Rd8 26. Re1 f6 27. Ke3
Kf7 28. Rd1 Rc8 29. Ne2 g5 30. Nd4 Bd7 31. c3 h5 32. Rd2 b6 33. Ne2 Be6 34. b3
g4 35. hxg4 hxg4 36. c4 Rh8 37. Nd4 Bd7 38. Ne2 Bc8 39. Nc3 Rh2 40. Nb5 a6 41.
Nc3 Bb7 42. fxg4 Rxg2 43. Rxg2 Bxg2 44. Na4 b5 45. cxb5 axb5 46. Nc5 e5 47. a4
bxa4 48. bxa4 Bc6 49. a5 Ke7 50. a6 Kd6 51. Ne4+ Bxe4 52. Kxe4 Kc6 53. Kf5 Kb6
54. g5 fxg5 55. Kxe5 Kxa6 56. Kf5 Kb6 57. Kxg5 1/2-1/2

[Event "Chess24 Banter Blitz Cup"]
[Site "chess24.com INT"]
[Date "2020.03.07"]
[Round "4.14"]
[White "Anton Guijarro, David"]
[Black "Robson, Ray"]
[Result "0-1"]
[WhiteTitle "GM"]
[BlackTitle "GM"]
[WhiteElo "2674"]
[BlackElo "2670"]
[WhiteFideId "2285525"]
[BlackFideId "2023970"]
[EventDate "2019.09.25"]
[EventType "blitz"]

1. c4 c6 2. Nf3 Nf6 3. Nc3 d5 4. e3 e6 5. b3 Bd6 6. Bb2 O-O 7. d4 Nbd7 8. Bd3 b6
9. O-O Bb7 10. Qc2 Rc8 11. Rad1 h6 12. e4 dxe4 13. Nxe4 Nxe4 14. Bxe4 Qe7 15.
Rfe1 Ba3 16. Ba1 Rfd8 17. Qe2 Bb4 18. Rf1 Re8 19. Bb1 c5 20. Qd3 Nf8 21. d5 exd5
22. cxd5 Rcd8 23. d6 Qe6 24. Ne5 c4 25. Nxc4 b5 26. Qd4 f6 27. a3 bxc4 28. axb4
cxb3 29. f3 Rd7 30. Kf2 Red8 31. Bc3 Rxd6 32. Qxa7 Rxd1 0-1

[Event "Chess24 Banter Blitz Cup"]
[Site "chess24.com INT"]
[Date "2020.03.10"]
[Round "2.1"]
[White "Moussard, Jules"]
[Black "Duda, Jan-Krzysztof"]
[Result "0-1"]
[WhiteTitle "GM"]
[BlackTitle "GM"]
[WhiteElo "2608"]
[BlackElo "2734"]
[WhiteFideId "642908"]
[BlackFideId "1170546"]
[EventDate "2019.09.25"]
[EventType "blitz"]

1. e4 c5 2. Nf3 d6 3. d4 cxd4 4. Nxd4 Nf6 5. Nc3 a6 6. Nb3 Nc6 7. Be3 e6 8. g4
h6 9. f3 b5 10. Qd2 Bb7 11. O-O-O Be7 12. h4 Ne5 13. Qf2 Rc8 14. Bb6 Qd7 15. Nc5
Qc6 16. Nxb7 Qxb7 17. Bd4 b4 18. Ne2 Qc6 19. Ng3 Nxf3 20. Bxf6 Bxf6 21. Bd3 Ne5
22. Nh5 Nxg4 23. Qg3 Ne5 24. Rhf1 Bxh4 25. Nxg7+ Kd7 26. Qxe5 dxe5 27. Rxf7+ Kd6
28. Bb5+ Kc5 29. Bxc6 Rxc6 30. Rb7 h5 31. a3 bxa3 32. bxa3 Bg5+ 33. Kb2 h4 34.
Rd3 Rb6+ 35. Rxb6 Kxb6 36. Nxe6 h3 37. Nxg5 h2 38. Rd1 h1=Q 39. Rxh1 Rxh1 40.
Nf7 Rh5 41. Kb3 Kc5 42. Nd8 Rh3+ 43. c3 Re3 44. Ne6+ Kd6 45. Ng5 Kc6 46. Kc4 Re1
47. Kd3 Kc5 48. Nf7 Ra1 49. Nxe5 Rxa3 50. Nd7+ Kd6 51. Nb6 Ra1 52. Nc4+ Kc5 53.
Nd2 Re1 54. Nf3 Rf1 55. Nd4 Rd1+ 56. Kc2 Re1 57. Kb3 Rxe4 58. Nc2 Rc4 59. Na3
Re4 60. Nc2 a5 61. Na3 a4+ 62. Kb2 Re2+ 63. Ka1 Rd2 64. Kb1 Rg2 65. Kc1 Kd5 66.
Kb1 Ke4 67. Nc2 Kd3 68. Nb4+ Kxc3 69. Na2+ Kb3 70. Nc1+ Ka3 71. Nd3 Rd2 72. Nc1
Rb2+ 73. Ka1 Rc2 74. Kb1 Rc5 75. Nd3 Rb5+ 76. Ka1 Rb3 77. Nc1 Rh3 78. Kb1 Rh1
79. Kc2 Kb4 0-1

[Event "Chess24 Banter Blitz Cup"]
[Site "chess24.com INT"]
[Date "2020.03.10"]
[Round "2.2"]
[White "Duda, Jan-Krzysztof"]
[Black "Moussard, Jules"]
[Result "0-1"]
[WhiteTitle "GM"]
[BlackTitle "GM"]
[WhiteElo "2734"]
[BlackElo "2608"]
[WhiteFideId "1170546"]
[BlackFideId "642908"]
[EventDate "2019.09.25"]
[EventType "blitz"]

1. e4 c5 2. Nf3 e6 3. d4 cxd4 4. Nxd4 a6 5. c4 Nf6 6. Nc3 Bb4 7. Qd3 Qc7 8. Be2
Nc6 9. Nxc6 dxc6 10. O-O Bd6 11. Kh1 O-O 12. f4 e5 13. f5 b5 14. g4 b4 15. Nd1
Bb7 16. Bf3 Rfd8 17. g5 Nd7 18. Qe2 Bf8 19. Nf2 Nc5 20. Bg2 Rd7 21. h4 Rad8 22.
Be3 Nd3 23. Nxd3 Rxd3 24. h5 c5 25. Rae1 Bc6 26. Rf2 Qb7 27. Qg4 Qd7 28. Bf3 g6
29. fxg6 fxg6 30. Qg2 Qe6 31. b3 Bd7 32. Kh2 Bc8 33. Qf1 Be7 34. Bc1 R3d6 35. h6
Rf8 36. Re3 Bxg5 37. Bg4 Rxf2+ 38. Qxf2 Qxg4 39. Rf3 Bf4+ 40. Bxf4 exf4 41. Qb2
Rd4 42. Qf2 Qh5+ 43. Kg1 Bg4 0-1

[Event "Chess24 Banter Blitz Cup"]
[Site "chess24.com INT"]
[Date "2020.03.10"]
[Round "2.3"]
[White "Moussard, Jules"]
[Black "Duda, Jan-Krzysztof"]
[Result "0-1"]
[WhiteTitle "GM"]
[BlackTitle "GM"]
[WhiteElo "2608"]
[BlackElo "2734"]
[WhiteFideId "642908"]
[BlackFideId "1170546"]
[EventDate "2019.09.25"]
[EventType "blitz"]

1. Nf3 c5 2. g3 Nf6 3. Bg2 b6 4. O-O Bb7 5. c4 g6 6. b3 Bg7 7. Bb2 O-O 8. d4
cxd4 9. Qxd4 Nc6 10. Qf4 d5 11. Rd1 Qc8 12. Nc3 Nh5 13. Qh4 Bf6 14. Qh3 dxc4 15.
Rac1 cxb3 16. axb3 Qxh3 17. Bxh3 Rfd8 18. Rxd8+ Rxd8 19. Ba3 Bxc3 20. Rxc3 Rd1+
21. Kg2 Nd4 22. Rc7 Bxf3+ 23. exf3 Nf4+ 24. gxf4 Ne2 25. Bg4 Rg1+ 26. Kh3 Nxf4+
27. Kh4 f6 28. Be6+ Kh8 29. Rc8+ Kg7 30. Rg8+ Kh6 0-1